000 00629nam a2200253Ia 4500
008 160321s9999||||xx |||||||||||||| ||und||
040 _cEnglish
082 _aXI.A/mallsone
082 _bBORI-90548
100 _aColonel G. R. Malleson
245 _aRulers Of India
300 _a204
300 _cA
300 _eHardbound
530 _u00065563.pdf
563 _aStudy
600 _aColonel G. R. Malleson
630 _aRulers Of India
650 _a"Politics,History and Historiography"
650 _aGeneral Indology
700 _aColonel G. R. Malleson
730 _aRulers Of India
942 _cBOOK
999 _c1371847
_d1371844